000 00416nam a2200181Ia 4500
001 2340
005 20260306144759.0
008 260306t1970||||xx |||||||||||||| ||spa||
041 _aESP
082 _a616.89
_bA39
100 _aAlexander, Franz
_eAUT
245 0 _aHistoria de la psiquiatría
260 _c1970
300 _a544 páginas :
_ccm.
650 _aGEN
654 _aCPS
942 _cLIB
_dJUS
_fJUS
_2ddc
_n
999 _c2340
_d2340